Funny business : An outsider's year in Japan

Đã lưu trong:
Bibliografiske detaljer
Hovedforfatter: Katzenstein, Gary J.
Format: Bog
Sprog:Undetermined
Udgivet: New York Prentice Hall Press 1990
Fag:
Tags: Tilføj Tag
Ingen Tags, Vær først til at tagge denne postø!
Thư viện lưu trữ: Trung tâm Học liệu Trường Đại học Cần Thơ
LEADER 00579nam a2200205Ia 4500
001 CTU_87797
008 210402s9999 xx 000 0 und d
082 |a 338.76 
082 |b K19 
100 |a Katzenstein, Gary J. 
245 0 |a Funny business : 
245 3 |b An outsider's year in Japan 
245 0 |c Gary J. Katzenstein 
260 |a New York 
260 |b Prentice Hall Press 
260 |c 1990 
650 |a Japan,Soni Kabushiki 
650 |x Social life and customs,employees 
904 |i Trọng Hiếu 
980 |a Trung tâm Học liệu Trường Đại học Cần Thơ